| 000 | 00711nas a2200217 4500 | ||
|---|---|---|---|
| 001 | BR0202156 | ||
| 003 | BR-BrBNA | ||
| 005 | 20231205102914.0 | ||
| 007 | ta | ||
| 008 | 230509b bl.|||p| |||| 00| 00por d | ||
| 040 |
_aBR-BrBNA _bpor _cBiblioteca Nacional de Agricultura |
||
| 041 | _a(Pt) | ||
| 072 | _aE20 | ||
| 100 | 1 | _aLenza, F. | |
| 245 | 1 | _aO fazendeiro deve pensar como investidor rural, dono do dinheiro, e como produtor rural, dono da fazenda e do know-how de produção | |
| 650 | _aADMINISTRAÇÃO RURAL | ||
| 650 | _aFAZENDA | ||
| 773 | 0 |
_tAgroanalysis (Brazil) _xISSN 0100-4298 _g(Dec 2001), v. 21(12) p. 32-35 _wBR0202156 |
|
| 909 |
_a202311 _bLúcia _c55 _dLúcia Elande |
||
| 942 |
_2AGRIS _n0 _cANA |
||
| 999 |
_c170005 _d170005 |
||